000 00726nam a2200217Ia 4500
003 GCL
008 140319s9999 xx 000 0 ara d
020 _a9377208977
040 _aGCL /
_cGCL
082 0 4 _a338.956
_bا ت
100 1 _aاكرام عبدالرحيم
245 1 0 _aالتحديات المستقلبية :
_bللتكتل الاقتصادى العربى /
_cاكرام عبدالرحيم
250 _aالاولى
260 _aالقاهرة :
_bمكتبة مدبولى ،
_c2002
300 _a270 ص ؛
_c24 سم
650 0 4 _aالاقتصاد
650 0 4 _aالتكتلات الاقتصادية
650 0 4 _aالسوق العربية المشتركة
650 0 4 _aالعولمة
942 _2ddc
_cBK
999 _c5489
_d5489